Państwa Europy graniczące z państwami na literę B (z mapą) - Statystyki

Ogólne statystyki
  • Ten quiz został rozwiązany 101 razy
  • Średni wynik to 14 z 15
Odpowiedzi na mapie
Odpowiedzi zakodowano w zielono-czerwonej skali na mapie do tego quizu, zgodnie z poniższymi procentami.
 
Statystyki odpowiedzi
Państwo % Poprawnych
Litwa
98%
Polska
98%
Rosja
96%
Ukraina
96%
Holandia
95%
Łotwa
95%
Serbia
95%
Francja
94%
Luksemburg
93%
Macedonia Północna
93%
Niemcy
93%
Rumunia
93%
Chorwacja
91%
Grecja
91%
Czarnogóra
89%
Nie znaleziono quizów pasujących do podanych kryteriów
Rozkład punktacji
Procent ludzi z każdym wynikiem
Percentyl według liczby udzielonych odpowiedzi
Twoja historia wyników
Nie rozwiązałeś tego quizu